01473nam a2200349 a 4500001001000000003000500010005001700015008004100032010001100073011001100084040000900095090001000104100003600114245015700150260004100307500006000348502007100408590004000479590004000519590004000559650002000599650003200619650004700651650003700698856007000735901000700805942001000812942000600822999001900828952014000847952013600987000111616CHAP20220329144222.0150622s2015 mx a |sm |||||||spa d a108077 a109049 cCHAP aTesis1 aJuárez Santos, Yaneth912949910aEvaluación del desarrollo del girasol y su capacidad de extracción de metales pesados en residuos de minah[En línea]cpor Yaneth Juárez Santos. aChapingo, Méx. :bEl autor,c2015. aPara ver el contenido del material haga clic en la liga aTesis (Ing. en Recursos Naturales) -- UACH. Departamento de Suelos aE5652GLJb05c20150622lUCH01h0936 aE5652GLJb05c20150622lUCH01h0936 aE5652GLJb05c20150622lUCH01h094614aCompost.92610514aFitorremediación.912495214aPlantasxEfecto del medio ambiente.98882114aSuelosxContaminación.9110327 aFinding aiduhttp://10.13.5.2/tesis/sist111616.pdfzTeclea aquí aBK cTESIS n0 c108077d108077 00102local4053708TESISaBCbBCcPA_TESISd2015-06-22fTESISl0oTesisp33724002502736r2019-12-31 00:00:00tc.2w2019-12-31yTESIS 00104054718TESISaBCbBCd2015-06-22fTESISl0oTesisp33724002502777r2019-12-31 00:00:00w2019-12-31yTESISzRecien adquirido